[Event "2025 Spring TNM: u1600"]
[Site "San Francisco"]
[Date "2025.04.01"]
[Round "5.30"]
[White "Olson, David R"]
[Black "Cao, Danny Du Uy"]
[Result "0-1"]
[WhiteElo "1400"]
[BlackElo "1174"]
[PlyCount "80"]
[GameId "2162445511247661"]
[EventDate "2025.??.??"]

1. d4 e6 (1... d5 2. c4 e6) 2. c4 d5 3. Bf4 Bd6 (3... Be7) 4. Bg3 Nf6 (4... Bxg3 5. hxg3) 5. Nd2 O-O 6. Ngf3 c5 7. cxd5 Bxg3 (7... cxd4 8. Nxd4 exd5 9. Bxd6 Qxd6) (7... exd5 8. dxc5 Bxc5 (8... Bxg3 9. hxg3 Qa5)) 8. fxg3 (8. hxg3) 8... Qxd5 9. dxc5 Qxc5 (9... Nc6 10. a3 Qxc5) 10. Rc1 Qb6 11. Nc4 Qb4+ 12. Rc3 Ne4 (12... Nc6) (12... b5 13. Nd6) 13. Qb3 Nc6 14. a3 Qxb3 15. Rxb3 Rd8 16. e3 b6 17. Bd3 Nc5 {white 1 hr 17 min.... black 1 hour} 18. Bxh7+ (18. Rc3 Rxd3 19. Rxd3 Nxd3+) 18... Kxh7 19. Rc3 (19. Ng5+ Kg6) 19... Ne4 20. Rc2 Bb7 {white 1 hour 14 min.... black 51 min} 21. Rf1 Ba6 (21... b5 22. Nce5 Nxe5 23. Nxe5 Nf6) 22. b3 b5 23. Nce5 Nxe5 24. Nxe5 f6 25. Ng4 Rac8 26. Rxc8 (26. Rb2 Rc1+) 26... Rxc8 27. b4 Rc1+ (27... Rc3) 28. Ke2 Rxf1 29. Kxf1 Bb7 30. Ke2 Kg6 {white 44 min... black 35 min} 31. Kd3 Kg5 32. h3 Nxg3 33. Kd4 Bxg2 34. Kc5 Bxh3 (34... a6 35. Kb6 Bxh3 36. Kxa6 Bf1) 35. Nxf6 (35. Nf2 Bf1) 35... Kxf6 36. Kxb5 Bf1+ 37. Kc6 a6 38. a4 Ne4 39. Kb6 Nc3 40. a5 {white 37 min... black 29 min} g5 {white resigned} 0-1

[Event "2025 Spring TNM: u1600"]
[Site "San Francisco"]
[Date "2025.04.01"]
[Round "5.31"]
[White "Merk, Felix Elias"]
[Black "Lopez-Oneal, Owen Michael"]
[Result "1-0"]
[WhiteElo "1304"]
[BlackElo "618"]
[PlyCount "43"]
[GameId "2162445511247662"]
[EventDate "2025.??.??"]

1. d4 e6 2. c4 d5 3. Nc3 Bb4 4. Bf4 Bxc3+ 5. bxc3 Qf6 6. Bxc7 Nh6 7. cxd5 O-O 8. Nf3 exd5 9. e3 a6 10. Bd3 Nc6 11. O-O b5 12. Ne5 Nxe5 13. Bxe5 Qg5 14. a4 Bh3 15. Qf3 Be6 16. axb5 axb5 17. Bxb5 Ng4 18. Qg3 f6 19. Bf4 Qh5 20. h3 Nh6 21. Be2 Qf7 22. Bxh6 1-0

[Event "2025 Spring TNM: Extra Game"]
[Site "San Francisco"]
[Date "2025.04.01"]
[Round "5.32"]
[White "Harris, Clarence"]
[Black "Agdamag, Samuel"]
[Result "0-1"]
[WhiteElo "1400"]
[BlackElo "1481"]
[PlyCount "54"]
[GameId "2162445511247663"]
[EventDate "2025.??.??"]

1. e4 e5 2. Nf3 Nf6 3. d3 Nc6 4. Be2 d5 5. exd5 Nxd5 6. O-O Be7 7. Nbd2 O-O 8. Ne4 h6 9. Bd2 Bd7 10. a3 a5 11. c4 Nf6 12. Bc3 Nxe4 13. dxe4 Bd6 14. Re1 Qe7 15. Qc2 Rfd8 16. Rad1 Be6 17. h3 a4 18. Rd2 Bd7 19. Red1 Be6 20. Qc1 Bd7 21. Qc2 Kh8 22. Nh2 Be6 23. Nf3 Qf6 24. c5 Bb3 25. Qc1 Bxd1 26. Qxd1 Bxc5 27. Bd3 Nd4 0-1

[Event "2025 Spring TNM: Extra Game"]
[Site "San Francisco"]
[Date "2025.04.01"]
[Round "5.33"]
[White "Krishnan, Sreyshthaa"]
[Black "Brickhouse, Christian"]
[Result "1-0"]
[WhiteElo "1579"]
[BlackElo "1270"]
[PlyCount "41"]
[GameId "2162445511247664"]
[EventDate "2025.??.??"]

1. c4 d5 2. cxd5 Nf6 3. Nf3 e6 4. dxe6 Bxe6 5. a3 a5 6. Nc3 Bc5 7. d4 Bb6 8. Bg5 O-O 9. e3 c5 10. Bxf6 Qxf6 11. Ne4 Qf5 12. Bd3 cxd4 13. exd4 Bd5 14. Qe2 Nc6 15. Neg5 Qxg5 16. Nxg5 Rfe8 17. Bxh7+ Kf8 18. Be4 Nxd4 19. Qh5 Nc2+ 20. Kd2 Bxe4 21. Qxf7# 1-0

[Event "2025 Spring TNM: Extra Game"]
[Site "San Francisco"]
[Date "2025.04.01"]
[Round "5.34"]
[White "Prasad, Thejas"]
[Black "Starr, Albert Martin"]
[Result "1-0"]
[Annotator "Winslow,Elliott"]
[WhiteElo "1692"]
[BlackElo "1518"]
[PlyCount "85"]
[GameId "2162445511247665"]
[EventDate "2025.??.??"]

1. e4 e5 2. Nf3 Nf6 3. Nxe5 d6 4. Nf3 Nxe4 5. d4 d5 6. Bd3 Bf5 7. O-O Be7 8. Bf4 O-O 9. Re1 c6 10. Nbd2 Nxd2 11. Bxf5 Nxf3+ 12. Qxf3 Nd7 13. Qh3 Nf6 14. Re3 g6 15. Rg3 Ne4 16. Bxe4 dxe4 17. Qh6 f5 18. c3 Bf6 $11 19. Qh5 $6 (19. h4) 19... Qd7 (19... Qd5 $1) 20. Re1 Rf7 21. Ree3 $2 Rd8 (21... c5 $5) (21... Rg7 $1) 22. h4 Rg7 23. Qh6 {[#]} Kh8 $4 (23... Qe7 $17) 24. h5 Qf7 25. hxg6 Rxg6 26. Qh5 Bg7 $2 27. Rh3 $2 (27. Rg5 $18) 27... Qg8 $4 (27... h6 $1 $14) 28. Qxg6 Bxd4 29. Rxh7+ $1 (29. Qxf5) (29. Qh6) (29. Qh5) (29. Qxg8+) (29. Qg5) 29... Qxh7 30. Rh3 Qxh3 {[#]} 31. gxh3 $2 (31. cxd4 $1 {and a quick mate!}) 31... Rg8 $5 32. Qxg8+ Kxg8 33. cxd4 $18 Kh7 34. Kg2 Kg6 35. a4 Kh5 36. Kg3 a5 37. Bc7 Kg5 38. h4+ Kh5 39. Bxa5 f4+ 40. Kxf4 Kxh4 41. Kxe4 Kg4 42. f4 Kh5 43. Kf5 1-0

[Event "2025 Spring TNM: 2000+"]
[Site "San Francisco"]
[Date "2025.04.08"]
[Round "6.1"]
[White "Tsodikova, Natalya"]
[Black "Cremisi, Daniel"]
[Result "1/2-1/2"]
[WhiteElo "2169"]
[BlackElo "2388"]
[PlyCount "103"]
[GameId "2165006800184040"]
[EventDate "2025.??.??"]

{[%evp 0,29,22,35,36,26,14,28,25,28,1,21,10,14,38,17,21,16,19,17,16,25,9,9,20,19,67,48,47,11,27,8]} 1. e4 {[%emt 0:10:32]} e6 {[%emt 0:01:20]} 2. d4 {[%emt 0:00:26]} d5 {[%emt 0:00:01]} 3. Nc3 {[%emt 0:00:10]} Bb4 {[%emt 0:00:24]} 4. Nge2 {[%emt 0:00:18]} dxe4 {[%emt 0:00:39]} 5. a3 {[%emt 0:00:10]} Be7 {[%emt 0:00:26]} 6. Nxe4 {[%emt 0:00:33]} b6 {[%emt 0:00:34]} 7. N2g3 {[%emt 0:04:13]} Bb7 {[%emt 0:01:10]} 8. Bb5+ {[%emt 0:08:38]} c6 {[%emt 0:01:16]} 9. Be2 {[%emt 0:01:08]} Nf6 {[%emt 0:01:38]} 10. Nxf6+ {[%emt 0:00:27]} Bxf6 {[%emt 0:00:17]} 11. Be3 {[%emt 0:01:18]} O-O {[%emt 0:00:59]} 12. Bf3 {[%emt 0:02:30]} Qc7 {[%emt 0:02:22]} 13. Nh5 {[%emt 0:06:57]} Be7 {[%emt 0:01:33]} 14. O-O {[%emt 0:01:16]} g6 {[%emt 0:01:13]} 15. Nf4 {[%emt 0:08:54]} Nd7 {[%emt 0:02:02]} 16. Nd3 {[%emt 0:01:49]} Rad8 {[%emt 0:02:31]} 17. Qc1 {[%emt 0:05:58]} Bf6 {[%emt 0:03:34]} 18. Bf4 {[%emt 0:04:57]} Qc8 {[%emt 0:00:14]} 19. Bg5 {[%emt 0:00:45]} Ba6 {[%emt 0:08:42]} 20. Rd1 {[%emt 0:03:24]} Bxd3 {[%emt 0:01:43]} 21. Rxd3 {[%emt 0:00:11]} c5 {[%emt 0:01:21]} 22. Bxf6 {[%emt 0:06:03]} Nxf6 {[%emt 0:00:55]} 23. Qg5 {[%emt 0:02:14]} Kg7 {[%emt 0:02:35]} 24. dxc5 {[%emt 0:10:22]} Rxd3 {[%emt 0:00:44]} 25. cxd3 {[%emt 0:00:01]} Qxc5 {[%emt 0:00:36]} 26. Qxc5 {[%emt 0:00:11]} bxc5 {[%emt 0:00:02]} 27. Rc1 {[%emt 0:00:48]} Rb8 {[%emt 0:01:32]} 28. Rxc5 {[%emt 0:01:09]} Rxb2 {[%emt 0:00:10]} 29. Kf1 {[%emt 0:02:37]} Rb3 {[%emt 0:04:35]} 30. Ra5 {[%emt 0:00:19]} Rxd3 {[%emt 0:00:34]} 31. Rxa7 {[%emt 0:00:21]} e5 {[%emt 0:00:42]} 32. Be2 {[%emt 0:02:57]} Rc3 {[%emt 0:00:18]} 33. Bb5 {[%emt 0:04:11]} Ne4 {[%emt 0:01:18]} 34. a4 {[%emt 0:02:14]} Ra3 {[%emt 0:01:29]} 35. Bc6 {[%emt 0:02:24]} Ra1+ {[%emt 0:00:55]} 36. Ke2 {[%emt 0:00:02]} Ra2+ {[%emt 0:00:08]} 37. Ke3 {[%emt 0:00:41]} Nd6 {[%emt 0:01:01]} 38. Bd5 {[%emt 0:03:53]} Ra3+ {[%emt 0:02:34]} 39. Kd2 {[%emt 0:00:37]} e4 {[%emt 0:00:33]} 40. Kc2 {[%emt 0:04:18]} Kf6 {[%emt 0:02:17]} 41. a5 {[%emt 0:01:46]} Ke5 {[%emt 0:03:58]} 42. Bb3 {[%emt 0:01:00]} Nb5 {[%emt 0:04:21]} 43. Re7+ {[%emt 0:01:44]} Kd6 {[%emt 0:00:54]} 44. Rxe4 {[%emt 0:00:25]} Rxa5 {[%emt 0:00:37]} 45. Bxf7 {[%emt 0:00:33]} Ra7 {[%emt 0:00:43]} 46. Bb3 {[%emt 0:00:15]} Re7 {[%emt 0:02:52]} 47. Kd3 {[%emt 0:00:51]} Rxe4 {[%emt 0:00:30]} 48. Kxe4 {[%emt 0:00:01]} Ke7 {[%emt 0:00:15]} 49. g4 {[%emt 0:00:59]} Kf6 {[%emt 0:00:29]} 50. f4 {[%emt 0:00:50]} g5 {[%emt 0:01:00]} 51. fxg5+ {[%emt 0:02:32]} Kxg5 {[%emt 0:00:05]} 52. Be6 {[%emt 0:00:50]} 1/2-1/2

[Event "2025 Spring TNM: 2000+"]
[Site "San Francisco"]
[Date "2025.04.08"]
[Round "6.2"]
[White "Senthilkumar, Pranav"]
[Black "Dzhanhirov, Dmytro"]
[Result "1/2-1/2"]
[WhiteElo "2201"]
[BlackElo "2235"]
[PlyCount "71"]
[GameId "2165291851912518"]
[EventDate "2025.??.??"]

1. d4 {[%emt 0:00:03]} d6 {[%emt 0:00:05]} 2. Nf3 {[%emt 0:00:22]} Bg4 {[%emt 0:00:05]} 3. e3 {[%emt 0:00:36]} Nf6 {[%emt 0:00:23]} 4. Be2 {[%emt 0:00:22]} g6 {[%emt 0:00:22]} 5. O-O {[%emt 0:01:05]} Bg7 {[%emt 0:00:08]} 6. c4 {[%emt 0:01:16]} O-O {[%emt 0:00:16]} 7. Nc3 {[%emt 0:00:36]} a5 {[%emt 0:04:10]} 8. e4 {[%emt 0:05:04]} Nfd7 {[%emt 0:02:09]} 9. Be3 {[%emt 0:05:25]} Na6 {[%emt 0:04:14]} 10. Qd2 {[%emt 0:09:11]} e5 {[%emt 0:12:49]} 11. dxe5 {[%emt 0:06:08]} dxe5 {[%emt 0:13:02]} 12. Rfd1 {[%emt 0:05:02]} c6 {[%emt 0:04:16]} 13. h3 {[%emt 0:20:38]} Be6 {[%emt 0:10:29]} 14. Qe1 {[%emt 0:06:37]} Qe7 {[%emt 0:08:27]} 15. Nd5 {[%emt 0:01:43]} cxd5 {[%emt 0:00:24]} 16. cxd5 {[%emt 0:00:06]} Bxd5 {[%emt 0:11:24]} 17. Rxd5 {[%emt 0:02:58]} Nb4 {[%emt 0:00:35]} 18. Rd2 {[%emt 0:00:10]} Nc5 {[%emt 0:01:31]} 19. a3 {[%emt 0:08:24]} Nxe4 {[%emt 0:10:47]} 20. axb4 {[%emt 0:01:31]} Nxd2 {[%emt 0:00:46]} 21. Bxd2 {[%emt 0:01:05]} e4 {[%emt 0:00:45]} 22. Bc4 {[%emt 0:04:23]} Bxb2 {[%emt 0:04:15]} 23. Rb1 {[%emt 0:00:36]} Bf6 {[%emt 0:00:11]} 24. bxa5 {[%emt 0:02:44]} exf3 {[%emt 0:03:15]} 25. Qxe7 {[%emt 0:00:10]} Bxe7 {[%emt 0:00:08]} 26. Rxb7 {[%emt 0:01:11]} Rfc8 {[%emt 0:02:47]} 27. Bb3 {[%emt 0:01:47]} Rcb8 {[%emt 0:00:29]} 28. a6 {[%emt 0:02:24]} Rxb7 {[%emt 0:00:19]} 29. axb7 {[%emt 0:00:32]} Ra1+ {[%emt 0:00:04]} 30. Kh2 {[%emt 0:00:29]} Bd6+ {[%emt 0:00:07]} 31. g3 {[%emt 0:00:10]} Rb1 {[%emt 0:03:10]} 32. Bd5 {[%emt 0:00:54]} Rd1 {[%emt 0:02:12]} 33. Bb4 {[%emt 0:00:18]} Bb8 {[%emt 0:00:20]} 34. Bxf3 {[%emt 0:00:12]} Rb1 {[%emt 0:00:13]} 35. Bc5 {[%emt 0:00:51]} Rd1 {[%emt 0:00:37]} 36. Be3 1/2-1/2

[Event "2025 Spring TNM: 2000+"]
[Site "San Francisco"]
[Date "2025.04.08"]
[Round "6.3"]
[White "Mercado, Adam"]
[Black "Heiserman, Jimmy"]
[Result "0-1"]
[Annotator "Winslow,Elliott"]
[WhiteElo "1949"]
[BlackElo "2303"]
[PlyCount "38"]
[GameId "2165291851912519"]
[EventDate "2025.??.??"]

1. e4 {[%emt 0:00:01]} e5 {[%emt 0:01:20]} 2. Nf3 {[%emt 0:00:27]} Nc6 {[%emt 0:00:08]} 3. d4 {[%emt 0:00:18]} exd4 {[%emt 0:00:14]} 4. Bc4 {[%emt 0:00:13]} Nf6 {[%emt 0:00:24]} 5. e5 {[%emt 0:00:14]} d5 {[%emt 0:00:09]} 6. Bb5 {[%emt 0:00:15]} Ne4 7. Nxd4 {[%emt 0:00:15]} Bc5 {[%emt 0:00:07]} 8. O-O {[%emt 0:00:16]} O-O {[%emt 0:03:16]} 9. Bxc6 {[%emt 0:00:25]} bxc6 {[%emt 0:00:13]} 10. f3 $2 {[%emt 0:00:55] [#]} (10. Be3 $11 {(First things first)}) 10... f6 $1 $17 {[%emt 0:07:12]} 11. exf6 {[%emt 0:25:33]} ({Original game !?:} 11. fxe4 fxe5 12. Rxf8+ Qxf8 13. Be3 exd4 14. Bxd4 Bg4 15. Qd2 dxe4 16. Qc3 Bxd4+ 17. Qxd4 Qd6 18. Qxd6 cxd6 19. Nd2 d5 {0-1 (33) Estrin,Y-Antoshin,V Leningrad 1954}) 11... Qxf6 {[%emt 0:00:40]} 12. Be3 {[%emt 0:00:15]} Nd6 $19 {[%emt 0:03:00]} 13. b3 {[%emt 0:04:26]} Ba6 {[%emt 0:05:06]} 14. Re1 {[%emt 0:00:18]} Rae8 {[%emt 0:01:19]} 15. c3 {[%emt 0:05:01] [#]} Rxe3 $1 {[%emt 0:01:31]} 16. Rxe3 {[%emt 0:00:11]} Nf5 {[%emt 0:00:07]} 17. Re1 {[%emt 0:15:10]} Nxd4 {[%emt 0:00:28]} 18. Kh1 {[%emt 0:00:11]} Nf5 {[%emt 0:01:57]} 19. b4 {[%emt 0:01:34] [#]} Ng3+ {[%emt 0:00:13]} 0-1

[Event "2025 Spring TNM: 2000+"]
[Site "San Francisco"]
[Date "2025.04.08"]
[Round "6.4"]
[White "Walder, Michael"]
[Black "Bayaraa, Chinguun"]
[Result "0-1"]
[WhiteElo "1935"]
[BlackElo "2161"]
[PlyCount "42"]
[GameId "2165291851912520"]
[EventDate "2025.??.??"]

1. e4 {[%emt 0:00:05]} g6 {[%emt 0:04:53]} 2. d4 {[%emt 0:00:43]} Bg7 {[%emt 0:00:07]} 3. Nc3 {[%emt 0:01:13]} c5 {[%emt 0:00:09]} 4. Nf3 {[%emt 0:02:10]} cxd4 {[%emt 0:00:11]} 5. Nxd4 {[%emt 0:00:06]} Nc6 {[%emt 0:00:05]} 6. Be3 {[%emt 0:02:42]} d6 {[%emt 0:00:35]} 7. Nxc6 {[%emt 0:04:19]} bxc6 {[%emt 0:00:10]} 8. Bd4 {[%emt 0:00:32]} e5 {[%emt 0:00:12]} 9. Be3 {[%emt 0:00:16]} Be6 {[%emt 0:01:20]} 10. Qd2 {[%emt 0:00:46]} Qc7 {[%emt 0:04:37]} 11. O-O-O {[%emt 0:02:35]} Rd8 {[%emt 0:00:07]} 12. f3 {[%emt 0:04:52]} Ne7 {[%emt 0:00:10]} 13. Bh6 {[%emt 0:00:59]} O-O {[%emt 0:02:03]} 14. h4 {[%emt 0:02:46]} f6 {[%emt 0:04:14]} 15. h5 {[%emt 0:13:00]} Bxh6 {[%emt 0:00:29]} 16. Qxh6 {[%emt 0:00:48]} g5 {[%emt 0:00:05]} 17. f4 {[%emt 0:12:29]} Kh8 {[%emt 0:10:56]} 18. fxg5 {[%emt 0:05:32]} Ng8 {[%emt 0:00:10]} 19. Qg6 {[%emt 0:00:13]} Qb6 {[%emt 0:00:11]} 20. gxf6 {[%emt 0:00:30]} Qe3+ {[%emt 0:00:17]} 21. Kb1 {[%emt 0:00:37]} Rxf6 {[%emt 0:00:08]} 0-1

[Event "2025 Spring TNM: 2000+"]
[Site "San Francisco"]
[Date "2025.04.08"]
[Round "6.8"]
[White "Srinivasan, Sivavishnu"]
[Black "Gaffagan, Steven"]
[Result "1-0"]
[WhiteElo "2066"]
[BlackElo "1967"]
[PlyCount "51"]
[GameId "2165007332094728"]
[EventDate "2025.??.??"]

1. e4 c5 2. Nf3 e6 3. d4 cxd4 4. Nxd4 Nc6 5. Nc3 Qc7 6. Qd3 a6 7. Nxc6 bxc6 8. Qg3 d6 9. Be3 Rb8 10. Rb1 Nf6 11. Be2 Be7 12. O-O Rb4 13. a3 Nxe4 14. Nxe4 Rxe4 15. Qxg7 Rf8 16. Bf3 Rc4 17. b3 Rh4 18. g3 Rh3 19. Bg4 e5 20. Kg2 Bf6 21. Qxf6 Bxg4 22. f3 h5 23. fxg4 hxg4 24. Bg5 Rfh8 25. Bh4 Rh5 26. Qg7 1-0

[Event "2025 Spring TNM: 2000+"]
[Site "San Francisco"]
[Date "2025.04.08"]
[Round "6.9"]
[White "Paragiri, Reyansh"]
[Black "Agrawal, Varun"]
[Result "1-0"]
[Annotator "Winslow,Elliott"]
[WhiteElo "1978"]
[BlackElo "1933"]
[PlyCount "113"]
[GameId "2165291851912523"]
[EventDate "2025.??.??"]

1. e4 c6 2. d4 d5 3. Nc3 dxe4 4. Nxe4 Bf5 5. Ng3 Bg6 6. h4 h6 7. Nf3 Nd7 8. h5 Bh7 9. Bd3 Bxd3 10. Qxd3 e6 11. Bd2 Ngf6 12. O-O-O Be7 13. Kb1 O-O 14. Ne4 Nxe4 15. Qxe4 Nf6 16. Qe2 Qd5 17. Be3 Ng4 $6 18. Bc1 Qb5 19. Rd3 (19. c4 $1 {10-0 in Mega!} Qf5+ 20. Ka1 {Now there are 2 wins and 7 draws for Black, all via transposition after one or the other rook to d8 -- vs. 24 White wins. I think I'm going to take a closer look at this one!}) 19... Qd5 {(Is this an offer of a repetition draw?)} 20. Ne5 $1 {(No thank you!)} Nxe5 (20... Qxg2 21. Rhh3 $1 Nxe5 22. Rhg3 Qh1 23. Rd1 Qh4 24. dxe5 $18 {White does have rather a dream position for a measly pawn.}) 21. dxe5 Qxg2 22. Rhh3 Kh8 23. Rhg3 Qh2 24. Rh3 Qg2 25. Rhg3 Qh2 26. Qg4 Rg8 27. Rd7 {Now we're cooking. It is nice how the bishop on c1 closes White's king cave off to Black.} Qh4 (27... Rae8 28. f4 $1) 28. Rxb7 (28. Qf3 $1) 28... Qxg4 29. Rxg4 Rge8 30. Rc4 c5 {Black has survived any kingside assault -- but the endgame is lost. Compare rooks!} 31. Be3 {It's safe to play.} Rad8 32. c3 Rd1+ 33. Kc2 Rh1 {[#]} 34. Bxc5 (34. Rxa7 $1 Rxh5 35. b4) 34... Bxc5 35. Rxc5 Kg8 36. Rxa7 Rxh5 37. b4 Rf5 38. b5 Rxf2+ 39. Kb3 Rb8 40. Rac7 g5 41. Rc8+ Rxc8 42. Rxc8+ Kg7 43. b6 Rf1 44. Kb2 Rf2+ 45. Ka3 Rf1 46. b7 Rb1 47. b8=Q Rxb8 48. Rxb8 g4 49. c4 f5 50. c5 g3 51. c6 f4 52. c7 g2 53. c8=Q Kg6 54. Qg8+ Kf5 55. Qxg2 Kxe5 56. Rb5+ Kf6 57. Qe4 1-0

[Event "2025 Spring TNM: 2000+"]
[Site "San Francisco"]
[Date "2025.04.08"]
[Round "6.12"]
[White "Smith, Roger Christopher"]
[Black "Cheng, Kar Lun"]
[Result "1/2-1/2"]
[Annotator "Winslow,Elliott"]
[WhiteElo "1872"]
[BlackElo "1867"]
[PlyCount "100"]
[GameId "2165291851912524"]
[EventDate "2025.??.??"]

1. e4 c5 2. Nf3 d6 3. d4 cxd4 4. Nxd4 Nf6 5. Nc3 g6 6. Be3 Bg7 7. Be2 O-O 8. g4 {[#]} Nc6 9. g5 Nd7 10. h4 Qa5 11. a3 a6 12. b4 Qd8 13. h5 a5 14. b5 Nxd4 15. Bxd4 e5 16. Be3 Nc5 17. hxg6 hxg6 18. Bc4 Be6 19. Bxe6 Nxe6 20. Qg4 Nf4 21. Nd5 Re8 {[#]} 22. Nb6 $16 (22. c4 $1 $18) 22... Qc7 $1 23. c4 Rad8 $6 (23... d5 $1 24. exd5 (24. Nxa8 Rxa8 25. c5 Nd3+ $16) 24... Rad8 25. Rd1 Bf8 26. Kf1 Bxa3 27. Rd4 $1 Nh5 $1 $16) 24. Kf1 $2 {[#]} (24. Kd2 $18) 24... d5 $1 25. exd5 $6 (25. cxd5 Qc2 26. Rc1 Qxe4 27. Kg1 Qd3 28. a4 Qe2 $11 (28... Ne2+ $11)) 25... Rd6 $1 $15 26. c5 Rxb6 $1 27. Bxf4 $4 (27. a4 $1 $11) 27... exf4 $19 28. cxb6 Qc4+ 29. Kg2 Qxd5+ 30. Kh3 Bxa1 31. Rxa1 Qb3+ (31... Kg7 $1 {[%cal Ge8h8]}) (31... Qe5) (31... Qd4) 32. Kg2 Qxb5 33. Qxf4 Re5 34. Rc1 Rxg5+ 35. Kh2 Rh5+ (35... Qd5) 36. Kg3 Qd7 (36... Qd3+) 37. f3 Rf5 38. Rc7 Qe6 39. Qd4 Qe1+ $6 (39... Rh5 $1 $19) 40. Kg4 {[#]} Re5 $4 (40... Qe6 41. Kg3 Rh5) 41. Rc8+ $2 (41. Rc5 $15) (41. Rc2 $15) 41... Kh7 $19 42. Rc7 Re7 $4 $11 (42... g5 $19 43. Kh3 Kg6) (42... Qe2 $19 43. Rxf7+ Kg8) 43. Qc5 f5+ 44. Kh3 Qh1+ 45. Kg3 f4+ 46. Kg4 Qg2+ 47. Kxf4 Qh2+ 48. Kg4 Qg2+ 49. Kf4 Qh2+ 50. Kg4 Qg2+ 1/2-1/2

[Event "2025 Spring TNM: 1600-1999"]
[Site "San Francisco"]
[Date "2025.04.08"]
[Round "6.14"]
[White "Huang, Immanuel"]
[Black "Krishnan, Sreyshthaa"]
[Result "1-0"]
[Annotator "Winslow,Elliott"]
[WhiteElo "1554"]
[BlackElo "1579"]
[PlyCount "69"]
[GameId "2165291851912525"]
[EventDate "2025.??.??"]

{Once the attack kicked into gear Huang played flawlessly!} 1. e4 c6 2. d4 d5 3. e5 c5 4. dxc5 e6 5. Nf3 Bxc5 6. Bd3 Nc6 7. O-O Nge7 8. Nbd2 Ng6 9. Nb3 Bb6 10. Re1 Bc7 11. Bg5 Nge7 12. Nbd4 a6 13. Nxc6 bxc6 14. Nd4 Bb7 15. Qh5 Qd7 16. b4 h6 17. Nb3 Bb6 18. Nc5 Bxc5 19. bxc5 O-O-O 20. Bxe7 Qxe7 21. Rab1 g6 22. Qf3 Rd7 $18 {[#]} 23. Rb6 $1 (23. Rxb7 $4 Kxb7 (23... Rxb7 $4 24. Bxa6 $18) 24. Bxa6+ (24. Rb1+ Ka8 $1) 24... Ka8 $1 $19 {[%cal Gd7a7]}) 23... Qxc5 24. Reb1 Rhd8 25. Qe2 Rc7 {[#]} 26. Rxb7 $1 Rxb7 27. Bxa6 Rdd7 28. Bxb7+ $1 Rxb7 29. Qa6 Qa7 (29... Qb5 30. Rxb5) 30. Qxc6+ $1 Kb8 31. Qe8+ Kc7 32. Qxf7+ Kb8 33. Qe8+ Kc7 34. Qe7+ Kb8 $1 35. Qd8# 1-0

[Event "2025 Spring TNM: 1600-1999"]
[Site "San Francisco"]
[Date "2025.04.08"]
[Round "6.15"]
[White "Parsons, Stephen"]
[Black "Boyer, John"]
[Result "0-1"]
[Annotator "Winslow,Elliott"]
[WhiteElo "1876"]
[BlackElo "1598"]
[PlyCount "146"]
[GameId "2165291851912526"]
[EventDate "2025.??.??"]

1. c4 c5 2. Nc3 g6 3. Nf3 Bg7 4. e3 Nc6 5. d4 cxd4 6. exd4 d6 7. h3 Nf6 8. Bd3 d5 9. c5 O-O 10. O-O Re8 11. Re1 a6 12. Bc2 e6 13. Bg5 h6 14. Bh4 g5 15. Bg3 Nd7 16. Bd6 Bf8 17. Qd3 f5 {[#]} 18. Rxe6 $4 (18. Bh2 $18) 18... Rxe6 $19 {It'll only take 55 more moves to bring about resignation...} 19. Qxf5 Nf6 $8 20. Qg6+ Bg7 21. Bf5 Rxd6 $1 22. cxd6 Bxf5 23. Qxf5 Qxd6 24. Re1 Re8 25. Rxe8+ Nxe8 26. Nxd5 Nxd4 27. Nxd4 Bxd4 28. h4 gxh4 29. Qg4+ Bg7 30. Qc4 Kh7 31. Nf4 Qd1+ 32. Kh2 Qd4 33. Qc2+ Kg8 34. Qb3+ Kh8 35. Ng6+ Kh7 36. Qf7 {[#]} Qd6+ 37. Nf4 Qf6 38. Qc4 Nd6 39. Qd3+ Kg8 40. Qd5+ Kf8 41. g3 hxg3+ 42. fxg3 Qxb2+ 43. Kh3 Qf6 44. Kg2 Ke7 45. Qc5 Qb2+ 46. Kh3 Kd7 47. Nd5 Be5 48. Nb6+ Ke6 49. Qd5+ Ke7 50. Qc5 Qd4 51. Qc7+ Kf6 52. Qd8+ Kg7 53. Nd7 Nf7 54. Qf8+ Kg6 55. Qg8+ Bg7 56. Nf8+ Kf6 {[#]} 57. Qxg7+ {It's the best try, but totally lost.} Kxg7 58. Ne6+ Kf6 59. Nxd4 Ke5 60. Nb3 Kd5 61. Kg4 b6 62. Kf5 Ng5 63. g4 Ne4 64. Kg6 Nf2 65. Kxh6 Nxg4+ 66. Kg5 Ne3 67. Kf4 Nc2 68. Kf3 $6 Nd4+ 69. Ke3 Nxb3 70. axb3 Kc5 71. Kd3 Kb4 72. Kc2 Ka3 73. Kc3 b5 {Epic!} 0-1

[Event "2025 Spring TNM: 1600-1999"]
[Site "San Francisco"]
[Date "2025.04.08"]
[Round "6.16"]
[White "Babayan, Gagik"]
[Black "Chan, John"]
[Result "1-0"]
[Annotator "Winslow,Elliott"]
[WhiteElo "1711"]
[BlackElo "1520"]
[PlyCount "155"]
[GameId "2165291851912527"]
[EventDate "2025.??.??"]

1. e4 d6 2. d4 c6 3. c4 g6 4. Nc3 Bg7 5. Be3 Nf6 6. f3 Nbd7 7. Qd2 h5 8. h4 a6 9. a4 a5 10. Nh3 Nf8 11. Nf4 Bh6 12. Nd3 Bg7 13. Be2 b6 {[#]} 14. e5 Ng8 15. O-O-O Bf5 16. f4 Qc7 17. Bf3 Rd8 18. Qe2 Bxd3 19. Rxd3 dxe5 20. fxe5 Ne6 21. g3 Bh6 22. Bxh6 Nxh6 23. Rhd1 Nf5 24. Qf2 Kf8 25. Ne2 Kg7 26. Be4 Nh6 27. Nf4 Rhf8 28. Qg2 Ng4 29. Ne2 {[#]} b5 30. Bxc6 bxc4 31. Rc3 Qb6 32. Bf3 Rb8 33. Rd2 Nh6 34. Bd5 Nf5 35. Bxe6 fxe6 36. Qe4 Qb4 37. Nf4 Qb6 38. Ne2 Nh6 39. Nf4 Rf5 40. Rxc4 Qb3 41. Qd3 Qa2 42. Nxe6+ Kg8 43. Nf4 Kh7 44. Qc2 Ng4 45. Rc3 Qg8 46. Rc7 Qe8 47. Qc6 Qxc6+ 48. Rxc6 {[#]} Ne3 49. Rd3 Ng4 50. Rc7 Rf7 51. Kc2 Nf2 52. Rb3 Rd8 53. d5 Ng4 54. d6 Nxe5 55. dxe7 Re8 56. Rb5 Nf3 57. Rxa5 Rexe7 58. Rxe7 Rxe7 59. b4 Nd4+ 60. Kd3 Nc6 61. Rb5 Ne5+ 62. Kc3 Nf3 63. a5 Re3+ 64. Kc4 Nd2+ 65. Kc5 Rxg3 66. a6 Rc3+ 67. Kd5 Rc8 68. Rb7+ Kh6 69. Rb6 Kg7 70. b5 Nc4 71. Rxg6+ Kf7 72. Rc6 Ne3+ 73. Kc5 Re8 74. a7 Nf5 75. b6 Re5+ 76. Nd5 Ne7 77. Rf6+ Kg7 78. Rd6 1-0

[Event "2025 Spring TNM: 1600-1999"]
[Site "San Francisco"]
[Date "2025.04.08"]
[Round "6.17"]
[White "Mays-Smith, Isaac S"]
[Black "Ploquin, Phil"]
[Result "1/2-1/2"]
[Annotator "Winslow,Elliott"]
[WhiteElo "1619"]
[BlackElo "1665"]
[PlyCount "67"]
[GameId "2165291851912528"]
[EventDate "2025.??.??"]

1. d4 d5 2. c4 e6 3. g3 dxc4 4. Bg2 c5 5. Nf3 cxd4 6. Qa4+ Bd7 7. Qxc4 Bc6 8. O-O Nf6 9. Rd1 Be7 10. Nc3 O-O 11. Bg5 Qc8 12. Rxd4 Nbd7 13. Rad1 Re8 14. Bf4 Nb6 15. Qb3 Bc5 16. R4d3 Nbd5 17. Be5 Nxc3 18. Bxc3 Bd5 19. Qa4 b5 {[#]} 20. Qh4 Ne4 21. Bd4 Bxd4 22. Rxd4 Qb7 {[#]} (22... Qc2 $4 23. Ne1) 23. Rxe4 $2 Bxe4 24. Ng5 Bxg2 25. Qxh7+ Kf8 26. Qh8+ Ke7 27. Qxg7 Rf8 28. Nh7 Bd5 29. Qf6+ Ke8 30. e4 Bc6 31. Nxf8 Kxf8 32. Qh8+ Ke7 33. Qh4+ Ke8 34. Qh8+ 1/2-1/2